Composición y distribución de la fauna silvestre utilizada para cacería en la comunidad indígena Andoque y el asentamiento de Puerto Santander, Aracuara, medio río Caquetá Amazonia (Registro nro. 2047)

Detalles MARC
000 -CABECERA
Campo de control 01277nam a2200289 a 4500
005 - FECHA Y HORA DE LA ULTIMA TRANSACCION
Campo de control 20160826140523.0
008 - ELEMENTOS DE LONGITUD FIJA—INFORMACION GENERAL
Campo de control 140304b1998 ck |||||rm||| 00| 0 spa d
040 ## - FUENTE DE CATALOGACIÓN
Agencia catalogadora original CO-BoIAVH
Agencia transcriptora CO-BoIAVH
041 ## - IDIOMA
Código de idioma para texto/pista de sonido o título separado Español
044 ## - PAÍS DE PUBLICACIÓN
País de publicación Colombia
090 ## - CLASIFICACIÓN LOCAL
Colección TE
Consecutivo 0085
100 1# - ASIENTO PRINCIPAL--NOMBRE PERSONAL
Nombre personal Sarmiento Dueñas, Adriana Mercedes
9 (RLIN) 14307
245 10 - MENCION DE TITULO
Título Composición y distribución de la fauna silvestre utilizada para cacería en la comunidad indígena Andoque y el asentamiento de Puerto Santander, Aracuara, medio río Caquetá Amazonia
260 ## - PUBLICACION, DISTRIBUCION, ETC. (PIE DE IMPRENTA)
Lugar de publicación, distribución, etc. Bogotá:
Nombre del editor, distribuidor, etc. Pontificia Universidad Javeriana, Facultad de Ciencias, Carrera de Biología,
Fecha de publicación, distribución, etc. 1998.
300 ## - DESCRIPCION FISICA
Extensión 149 páginas
502 ## - NOTA DE TESIS
Nota de tesis Trabajo de grado para optar el título de Biólogo por la Universidad Javeriana
650 14 - ASIENTO SECUNDARIO DE MATERIA - TERMINO TEMATICO
Término temático o nombre geográfico como elemento de entrada Distribución geográfica
Subdivisión de forma tesis, disertaciones
9 (RLIN) 75073
650 1# - ASIENTO SECUNDARIO DE MATERIA - TERMINO TEMATICO
Término temático o nombre geográfico como elemento de entrada Fauna silvestre
Subdivisión de forma tesis, disertaciones
9 (RLIN) 75074
650 14 - ASIENTO SECUNDARIO DE MATERIA - TERMINO TEMATICO
Término temático o nombre geográfico como elemento de entrada Cacería
Subdivisión de forma tesis, disertaciones
9 (RLIN) 75075
650 14 - ASIENTO SECUNDARIO DE MATERIA - TERMINO TEMATICO
Término temático o nombre geográfico como elemento de entrada Comunidad Andoke
Subdivisión de forma tesis, disertaciones
9 (RLIN) 75076
650 14 - ASIENTO SECUNDARIO DE MATERIA - TERMINO TEMATICO
Término temático o nombre geográfico como elemento de entrada Conocimiento tradicional
Subdivisión de forma tesis, disertaciones
9 (RLIN) 75077
650 14 - ASIENTO SECUNDARIO DE MATERIA - TERMINO TEMATICO
Término temático o nombre geográfico como elemento de entrada Inventarios
Subdivisión de forma tesis, disertaciones
9 (RLIN) 75078
662 ## - ASIENTO SECUNDARIO DE MATERIA - JERARQUIA DEL NOMBRE DE LUGAR(
País o entidad mayor Colombia
700 1# - ASIENTO SECUNDARIO - NOMBRE PERSONAL
Nombre personal Rodríguez, Carlos Alberto
Término de relación Director
9 (RLIN) 44587
700 1# - ASIENTO SECUNDARIO - NOMBRE PERSONAL
Nombre personal Jorgenson, Jeffrey
Término de relación Co-director
9 (RLIN) 44588
942 ## - ELEMENTOS ADICIONALES (KOHA)
Tipo de ítem Tesis
Sistema de clasificación Local
Existencias
Withdrawn status Lost status Sistema de Clasificación Damaged status No para préstamo Colección Inventariado Ubicación Permanente Ubicación actual Fecha de adquisición Total Checkouts Número topográfico Inventario / Código de Barras Date last seen Ejemplar Price effective from Forma de adquisición Tipo de material
    Local     Tesis Inventariado 2017 Bogotá Bogotá 29/01/2001   TE-0085 002542 04/12/2012 Ej. 1 04/12/2012 Donación Tesis